|
|
|
|
| LEADER |
00000nkm a2200000 a 4500 |
| 001 |
vtls001523427 |
| 003 |
SK-MaSNL |
| 005 |
20260331204035.0 |
| 007 |
kf co |
| 008 |
200701s2004 xo g kuslo |
| 015 |
|
|
|a SNBG2005/04-01175
|
| 040 |
|
|
|a SNK
|b slo
|c SNK
|e AACR2
|
| 041 |
0 |
|
|a slo
|
| 044 |
|
|
|a xo
|c SK
|
| 080 |
|
|
|a 635.91
|x (059)
|2 snkbusd
|
| 080 |
|
|
|a (059)
|2 MDT-MRF
|
| 100 |
1 |
|
|a Tichý, Dušan
|4 pht
|9 231892
|
| 245 |
1 |
0 |
|a Kvety 2005
|h grafika
|b [nástenný kalendár]
|c photography Du1/4an [i.e. Dušan] Tich [i.e. Tichý]
|
| 260 |
|
|
|a Martin
|b Osveta
|c 2004
|
| 300 |
|
|
|a 1 kalendár ([6] l.)
|c 48 x 11 cm
|
| 650 |
0 |
7 |
|a kytice
|2 snkbusd
|9 588659
|
| 655 |
|
7 |
|a nástenné viaclistové kalendáre
|2 SNKPH
|9 302208
|
| 958 |
|
|
|a GBN
|
| 999 |
|
|
|c 1162947
|d 1164877
|
| 952 |
|
|
|a SNK
|b SNK
|y PREZ
|7 0
|p 17A0465296
|o snkOSA 750
|i snk2005/5938
|8 0
|0 0
|1 0
|4 0
|d 2005-04-12
|l 0
|r 2026-02-24 20:39:14
|w 2026-02-24
|
| 952 |
|
|
|a SNK
|b SNK
|y VYP
|7 0
|p 17A0465297
|o snkOSA 750 D1
|i snk2005/5940
|8 0
|0 0
|1 0
|4 0
|d 2005-04-12
|l 0
|r 2026-02-24 20:39:14
|w 2026-02-24
|